MDQL
is popping MORE tags! Check the
thread
!
Quizzes
Events
Quiz Creation
Community
Videos
Private Events
Remove Ads
Sign In
Join for FREE
Feedback
Dark Mode
Quiz Categories
Sports
Geography
Music
Movies
Television
Just For Fun
Miscellaneous
History
Literature
Language
Science
Gaming
Entertainment
Religion
Holiday
For Kids
Quiz Lab
Recent
Popular Today
Quiz Kudos Today
Editor Picks
Curator Picks
Quizzes by...
Day
Popularity
Type
Ratings
Length
Year
Community
Subscriptions
Recent Discussions
Orange Saloon
Badges
Playlists
Quests
Create
Leaderboards
Showdown
Live 5
Trivia Bingo
Activity
Puzzle Library
Sporcle Events
Private Events
Virtual Trivia
Globe League
Become a Host
Pub Owners
SporcleCon
Opinionation
Our Games
Videos
Blog
Mobile Apps
Partnerships
Remove Ads and Go Orange
Feedback
Television
TV Characters
TV Show
Sitcom
Network
Friends
Reality Shows
Cast
South Park
Star Trek
The Simpsons
Doctor Who
Television
TV Characters
TV Show
Sitcom
Network
Friends
Reality Shows
Cast
South Park
Star Trek
The Simpsons
Doctor Who
Random Quiz
Search Sporcle
×
Quiz Lab
Quiz Lab
Television
Celebrity
Type in answers that appear in a list
Type in answers that appear in a list
Classic
Best Score? Go Orange.
Top Gear Celebrity Laptimes Stats
Can you name the Stars in Top Gear's reasonably priced cars?
By
TopGearFTW
10m
165 Questions
40 Plays
40 Plays
40 Plays
Comments
Comments
Give Quiz Kudos
Give Quiz Kudos
-
- Ratings
hide this ad
More Info
Replay
Link that replays current quiz
Next Quiz
Link to next quiz in quiz playlist
You Got
0%
They Got
Avg Score
28%
Avg Friend Score
Upgrade to see
Score Distribution
Jump to the score distribution portion of the page
Score
0/165
Timer
10:00
0
Plays Today
Name
% Correct
Simon Cowell
87.5%
Simon Cowell
82.5%
Jamie Oliver
67.5%
Vinnie Jones
67.5%
Boris Johnson
65%
Brian Johnson
62.5%
Boris Johnson
62.5%
Chris Evans
60%
Peter Jones
60%
Tom Jones
60%
Peter Jones
60%
Lewis Hamilton
60%
Jimmy Carr
57.5%
Jamie Oliver
57.5%
Ellen MacArthur
55%
James Hewitt
55%
Jimmy Carr
55%
Chris Evans
52.5%
Alan Carr
52.5%
Sebastian Vettel
52.5%
Tom Cruise
50%
Cameron Diaz
50%
John Prescott
50%
Jenson Button
50%
Jenson Button
50%
Mark Webber
50%
Billy Baxter
47.5%
Nigel Mansell
47.5%
Gordon Ramsey
45%
Michael Gambon
45%
Anne Robinson
45%
Jonathan Ross
45%
Usain Bolt
45%
Michael Schumacher
45%
Jodie Kidd
42.5%
Davina McCall
42.5%
Rowan Atkinson
42.5%
Ronniee O'Sullivan
40%
Paul McKenna
40%
Jay Kay
40%
Jay Kay
40%
David Tennant
40%
Michael Gambon
40%
Matt Smith
40%
Damon Hill
40%
Jeremy Clarkson
37.5%
Bill Bailey
37.5%
Rich Hall
37.5%
Richard Whiteley
37.5%
Jay Leno
37.5%
Fiona Bruce
37.5%
Rob Brydon
35%
Geri Halliwell
35%
Nick Robinson
35%
Alan Davies
32.5%
Name
% Correct
Gordon Ramsay
32.5%
Louis Walsh
32.5%
Jonathan Ross
32.5%
Patrick Stewart
30%
David Walliams
30%
Christopher Eccleston
30%
Stephen Fry
30%
Terry Wogan
30%
Seasick Steve
30%
James Corden
30%
Matt LeBlanc
30%
will.i.am
30%
Ben Collins
30%
Kimi Raikkonen
30%
Justin Hawkins
27.5%
Eddie Izzard
27.5%
Steve Coogan
27.5%
Justin Lee Collins
27.5%
Louie Spence
27.5%
Rory Bremner
25%
Roger Daltrey
25%
Johnny Vaughan
25%
Lawrence Dallaglio
25%
James Blunt
25%
Theo Paphitis
25%
Rob Brydon
25%
John Bishop
25%
Al Murray
25%
Bill Bailey
25%
Amy Williams
25%
Stephen Ladyman
22.5%
Cliff Richard
22.5%
Sir Ranulph Fiennes
22.5%
Carol Vorderman
22.5%
Jordan
22.5%
Tara Palmer-Tomkinson
22.5%
Michael McIntyre
22.5%
Michael Parkinson
22.5%
Kristin Scott Thomas
22.5%
Kate Silverton
22.5%
Billie Piper
20%
Justin Hawkins
20%
Simon Pegg
20%
Ronnie Wood
20%
Alan Davies
20%
Stephen Fry
20%
Simon Pegg
20%
Rupert Grint
20%
Boris Becker
20%
Slash
20%
Rubens Barrichello
20%
Tim Rice
17.5%
Fay Ripley
17.5%
Martin Kemp
17.5%
David Soul
17.5%
Name
% Correct
Johnny Vegas
17.5%
Ross Noble
17.5%
Patrick Kielty
15%
Neil Morrissey
15%
Timothy Spall
15%
James Nesbitt
15%
Christian Slater
15%
Omid Djalili
15%
Sanjeev Bhaskar
15%
Joanna Lumley
15%
David Dimbleby
15%
Rick Parfitt
15%
Jack Dee
15%
Ross Kemp
15%
Les Ferdinand
15%
Hugh Grant
15%
Mark Wahlberg
15%
Will Young
15%
Steve Coogan
15%
Dame Helen Mirren
15%
Michael Fassbender
15%
Alex James
15%
Danny Boyle
15%
Perry McCarthy
15%
Lionel Ritchie
12.5%
Kevin McCloud
12.5%
Ewan McGregor
12.5%
Sienna Miller
12.5%
Peta 23 From Essex (Peta Todd)
12.5%
Harry Enfield
10%
Brian Cox
10%
Nick Frost
10%
Johnny Vaughan
10%
Alice Cooper
10%
Trevor Eve
7.5%
Keith Allen
7.5%
Guy Ritchie
7.5%
Rick Wakeman
7.5%
Ryan Reynolds
7.5%
Alastair Cambell
7.5%
Jeff Goldblum
7.5%
Amber Heard
7.5%
Trinny Woodall
5%
Susannah Constantine
5%
Jennifer Saunders
5%
Harry Enfield
5%
Michael Sheen
2.5%
Peter Firth
2.5%
Eric Bana
2.5%
Philip Glenister
2.5%
Rupert Penry-Jones
0%
Jools Holland
0%
Ray Winstone
0%
Andy Garcia
0%
Bob Geldof
0%
Quiz Playlist
Details
Report
Send in Message
Add To Playlist
More Info:
VW = Very Wet W = Wet, MD = Mildly Damp, MM = Mildly Moist, H = Hot, O = Oil on track.
Classic:
Type in answers that appear in a list
Quiz Source
Last Updated: Feb 16, 2017
Quiz Scoreboard
CHALLENGE
Sign Up to Join the Scoreboard
Show All
Scores
Hide
Comments
May contain spoilers
Recently Published
Colored Red Africa Blitz
by spor1
Geography
30s
Find the 'City' Movie
by crazypaving
Movies
60s
5x2 Blitz: Bands
by SL_Kpop136
Music
30s
More to Explore
Quiz From the Vault
Featured Blog Post
14 Easter Pick-up Lines to Find Eggs With
hide this ad
You Might Also Like...
Tags
Cars Quiz
Celebrity Quiz
car
gear
Priced
Reasonably
star
Top Gear
Today's Top Quizzes in Television
Browse Television
hide this ad
Today's Top Quizzes in Celebrity
Browse Celebrity
Top Contributed Quizzes in Television
1
Survivor Journey Challenge
2
Brooklyn Nine Nine Logic Puzzle (How-To-Play)
3
Phoebe Buffay Quotes
4
Survivor Trivia
5
Survivor Logic Puzzle: Heroes vs. Villains
6
One Tree Hill Logic Puzzle
7
Survivor Heroes vs. Villains Logic Puzzle
8
All US Survivor Seasons in Order
9
Game of Thrones: Tywin Lannister Start to Finish
10
Emmerdale Characters (from August 2012)
Explore More
Trending Topics
Marvel
Anime
Kpop
Crossword
NBA
Disney
Harry Potter
The Office
Song
Soccer
WWE
NFL
Puzzle
Country
Pokémon
hide this ad
More By:
TopGearFTW
Quiz
Plays
Rating
Category
Featured
Created
Top Gear Celebrity Laptimes
40
Television
Mar 13, 2012
Go to Creator's Profile
Score Distribution
Quiz Creator Spotlight
TopGearFTW
Follow
Send a Message
Quizzes Created
-
Created Quiz Play Count
-
More By This Creator
Popular Quizzes Today
1
Colored Red Africa Blitz
2
Find the 'City' Movie
3
Find the US States - No Outlines Minefield
4
5x2 Blitz: Bands
5
The Countries of the World
6
Find the US States
7
US States
8
9x9 Crossword: Cartoon Network
More Television Quizzes
Looney Tunes Cakes
Editor's Pick
Trending Quizzes
Colored Red Europe Blitz I
Colored Red Europe Blitz II
Colored Red Africa Blitz II
Colored Red Africa Blitz III
Colored Red Europe Blitz III
Recently Updated
Godzilla Movies
pecheneg
Grab Bag: 4-10 Letters
pecheneg
2024 March Madness Bracket
pecheneg
Famous TV Couples
Peacemaker
Champions League XIs: Real Madrid
pecheneg
Largest US Cities 1790-2010
pecheneg
Rides in Walt Disney World
pecheneg
Most Oscar Losses (Acting)
pecheneg
Beyoncé Albums
pecheneg
Leaping Animals
pecheneg
Trending Topics
Harry Potter
Marvel
Kpop
NBA
Crossword
Disney
Anime
The Office
NFL
Country
Soccer
WWE
Puzzle
Song
Pokémon
Your Account Isn't Verified!
In order to create a playlist on Sporcle, you need to verify the email address you used during registration. Go to your
Sporcle Settings
to finish the process.
Report this User
Report this user for behavior that violates our
Community Guidelines
.
Details:
Send Report
Go to the Sporcle.com Mobile Site →
Comments